Internetworking with TCP/IP Principles protocols and architecture (Record no. 5689)
[ view plain ]
| 000 -LEADER | |
|---|---|
| fixed length control field | 00377nam a2200133Ia 4500 |
| 008 - FIXED-LENGTH DATA ELEMENTS--GENERAL INFORMATION | |
| fixed length control field | 150201s2014 xx 000 0 und d |
| 082 ## - DEWEY DECIMAL CLASSIFICATION NUMBER | |
| Classification number | 4.6 |
| Item number | COM |
| 100 ## - MAIN ENTRY--PERSONAL NAME | |
| Personal name | Comer,Douglas E |
| 245 ## - TITLE STATEMENT | |
| Title | Internetworking with TCP/IP Principles protocols and architecture |
| 250 ## - EDITION STATEMENT | |
| Edition statement | 6th Ed. |
| 260 ## - PUBLICATION, DISTRIBUTION, ETC. (IMPRINT) | |
| Name of publisher, distributor, etc. | PHI Learning Private Limited |
| Place of publication, distribution, etc. | New Delhi |
| Date of publication, distribution, etc. | 2014 |
| 300 ## - PHYSICAL DESCRIPTION | |
| Extent | 698p. |
| 942 ## - ADDED ENTRY ELEMENTS (KOHA) | |
| Source of classification or shelving scheme | Dewey Decimal Classification |
| Koha item type | Books |
| Withdrawn status | Lost status | Source of classification or shelving scheme | Damaged status | Not for loan | Home library | Current library | Date acquired | SGTU | Total Checkouts | Full call number | Barcode | Date last seen | Bill Date | Koha item type | Date last checked out |
|---|---|---|---|---|---|---|---|---|---|---|---|---|---|---|---|
| Dewey Decimal Classification | SGT Engineering Library | SGT Engineering Library | 21/01/2014 | SGTU | 4.6 COM | FE6268 | 09/02/2015 | 09/02/2015 | Books | ||||||
| Dewey Decimal Classification | SGT Engineering Library | SGT Engineering Library | 21/01/2014 | SGTU | 2 | 4.6 COM | FE6269 | 30/09/2019 | 09/02/2015 | Books | 13/09/2019 | ||||
| Dewey Decimal Classification | SGT Engineering Library | SGT Engineering Library | 21/01/2014 | SGTU | 4.6 COM | FE6270 | 09/02/2015 | 09/02/2015 | Books |